| 000 | 03315nam a2200385 a 4500 | ||
|---|---|---|---|
| 001 | ebr10509332 | ||
| 003 | CaPaEBR | ||
| 006 | m u | ||
| 007 | cr cn||||||||| | ||
| 008 | 110113s2011 dcua sb 011 0deng d | ||
| 010 | _z 2011001596 | ||
| 020 | _z9781555815356 (hbk.) | ||
| 020 | _z9781555817114 (e-book) | ||
| 040 |
_aCaPaEBR _cCaPaEBR |
||
| 035 | _a(OCoLC)762325107 | ||
| 050 | 1 | 4 |
_aQH434 _b.P67 2011eb |
| 082 | 0 | 4 |
_a579.3/42 _222 |
| 245 | 0 | 0 |
_aPopulation genetics of bacteria _h[electronic resource] : _ba tribute to Thomas S. Whittam / _cedited by Seth T. Walk, Peter C. H. Feng. |
| 260 |
_aWashington, D.C. : _bASM Press, _cc2011. |
||
| 300 |
_axix, 336 p. : _bill. (some col.) |
||
| 504 | _aIncludes bibliographical references and index. | ||
| 505 | 0 | _aIntroduction : a personal homage to Tom Whittam / Mark Achtman -- Population geneticists discover bacteria and their genetic/molecular epidemiology / Bruce R. Levin -- The impact of horizontal genetic exchange on bacterial population structure : insights from the genera neisseria and campylobacter / Martin C. J. Maiden -- The genomics of Escherichia coli and beyond / Chih-Horng Kuo, Howard Ochman, and Rahul Raghavan -- Are species cohesive : a view from bacteriology / Frederick M. Cohan -- The niche of Escherichia coli / Elizabeth W. Alm, Seth T. Walk, and David M. Gordon -- Molecular epidemiology and population genetics of extraintestinal pathogenic Escherichia coli / James R. Johnson -- Epidemiology of Argentinean shiga toxin-producing Escherichia coli / Marta Rivas ... [et al.] -- Gene acquisition and loss in the phylogenetic lineages of the invasive Escherichia coli / Alyssa C. Bumbaugh and David W. Lacher -- Fitness islands in uropathogenic Escherichia coli / Amanda L. Lloyd and Harry L. T. Mobley. | |
| 505 | 8 | _aGenomic and virulence heterogeneity of enteroaggregative Escherichia coli / Edward G. Dudley and David A. Rasko -- Shiga toxin-producing Escherichia coli / Louise D. Teel, Angela R. Melton-Celsa, and Alison D. O'Brien -- The evolutionary model of Escherichia coli O157:H7 / David W. Lacher -- Evolutionary emergence and impact of atypical Escherichia coli O157:H7 strains / Peter C. H. Feng and Steven R. Monday -- Thomas Whittam, shiga toxin-producing Escherichia coli, and the clinical relevance of clonality / Shana R. Leopold and Phillip I. Tarr -- Sorbitol-fermenting enterohemorrhagic Escherichia coli O157:H7 / Helge Karch ... [et al.] -- Molecular evolution of enterohemorrhagic Escherichia coli and application to epidemiology / Galeb S. Abu-Ali ... [et al.] -- Escherichia coli O157:H7 in reservoir hosts / Thomas E. Besser, Margaret A. Davis, and Seth T. Walk. | |
| 533 |
_aElectronic reproduction. _bPalo Alto, Calif. : _cebrary, _d2011. _nAvailable via World Wide Web. _nAccess may be limited to ebrary affiliated libraries. |
||
| 650 | 0 | _aBacterial genetics. | |
| 650 | 0 | _aEscherichia coli. | |
| 650 | 0 | _aPopulation genetics. | |
| 655 | 7 |
_aElectronic books. _2local |
|
| 700 | 1 | _aWalk, Seth T. | |
| 700 | 1 | _aFeng, Peter C. H. | |
| 700 | 1 | _aWhittam, Thomas S. | |
| 710 | 2 | _aAmerican Society for Microbiology. | |
| 710 | 2 | _aebrary, Inc. | |
| 856 | 4 | 0 |
_uhttp://site.ebrary.com/lib/rucke/Doc?id=10509332 _zAn electronic book accessible through the World Wide Web; click to view |
| 999 |
_c116296 _d116296 |
||